Cieľom vývoja je vytvoriť interaktivitu so zákazníkom

Úspešnosť predajne do značnej miery závisí od umenia správne vystaviť a prezentovať tovar v predajni, ako aj priamo v regáli. Pravidlá merchandisingu.

Enregistré dans:
Détails bibliographiques
Auteur principal: Palfiová, Anna
Format: Chapitre de livre
Langue:slovaque
Sujets:
Tags: Ajouter un tag
Pas de tags, Soyez le premier à ajouter un tag!

MARC

LEADER 00000naa a2200000 4500
001 0172179
005 20231208065903.2
041 0 |a slo 
044 |a SK 
245 1 0 |a Cieľom vývoja je vytvoriť interaktivitu so zákazníkom  |c Anna Palfiová 
520 |a Úspešnosť predajne do značnej miery závisí od umenia správne vystaviť a prezentovať tovar v predajni, ako aj priamo v regáli. Pravidlá merchandisingu. 
610 2 0 |a maloobchod 
610 2 0 |a predajne 
610 2 0 |a zákazníci 
610 2 0 |a tovar 
610 2 0 |a prezentácia 
610 2 0 |a merchandising 
100 1 |a Palfiová, Anna